000 00568cam a2200205 4500
001 D9758
008 090401t1980 xxu||||| |||| 00| 0 eng d
035 _a(Sirsi) u22126
041 _aeng
050 _a624.154
100 _aWeltman, A.J.
245 _aPile load testing procedures
260 _aLondon
_bDOE/Construction Industry Research and I
_c1980
300 _a52p. ill. 30cm
350 _a8
490 _aDOE and CIRIA Piling Development Group Report PG7
490 _aPSA Civil Engineering Technical Guide
_v15 25
942 _n0
948 _c04/03/1997
999 _c88130
_d88130